000 00326nam a22001337a 4500
003 SGT
020 _a9788126730865
082 _a080
_bD18V
100 _aवर्मा, महेश
245 _a धूल की जगह
260 _bराजकमल प्रकाशन
_c2018
300 _a248
942 _2ddc
_cBK
999 _c31507
_d31507